NARZĘDZIA UŻYWANE DO NAPRAW: - Statystyki

Ogólne statystyki
  • Ten quiz został rozwiązany 112 razy
  • Średni wynik to 4 z 7
Statystyki odpowiedzi
Odpowiedź % Poprawnych
Młotek
95%
Śrubokręt
84%
Klucz
70%
Wiertarka
70%
Obcęgi | Kombinerki
49%
Miarka
26%
Poziomica
21%
Nie znaleziono quizów pasujących do podanych kryteriów
Rozkład punktacji
Procent ludzi z każdym wynikiem
Percentyl według liczby udzielonych odpowiedzi
Twoja historia wyników
Nie rozwiązałeś tego quizu